000 00686nam a2200229 i 4500
001 80335
003 ES-MaACL
005 20250809062551.0
007 t|
008 041027s1981 sp ||||1| spa d
020 _a84-7366-135-4
080 _a340.12
100 1 _aHierro, Liborio L.
_9173863
245 1 3 _aEl realismo jurídico escandinavo :
_buna teoría empirista del derecho /
_cLiborio L. Hierro.
260 _aValencia :
_bFernando Torres,
_c[1981]
300 _a389 p. ;
_c23 cm.
504 _aBibliografía: p. 347-378.
650 4 _aDerecho-
_xFilosofía
_911620
650 4 _aDerecho-
_xEscandinavia.
_9173864
852 4 _aES-MaACL
_jL-6521
999 _c80335
_d80335